【プロ野球】2026年の千葉ロッテマリーンズの選手 - Statistics

General Stats
  • This quiz has been taken 34 times
  • The average score is 45 of 66
Answer Stats
背番号 選手名 % Correct
14 小島和哉
100%
32 佐藤都志也
100%
65 寺地隆成
100%
99 ソト
100%
1 藤原恭大
100%
22 ポランコ
100%
51 山口航輝
100%
52 益田直也
95%
2 松川虎生
95%
7 藤岡裕大
95%
15 横山陸人
90%
16 種市篤暉
90%
27 田村龍弘
90%
4 友杉篤輝
90%
5 安田尚憲
90%
57 小川龍成
90%
6 西川史礁
90%
8 中村奨吾
85%
0 髙部瑛斗
85%
61 山本大斗
85%
13 毛利海大
80%
18 石垣元気
80%
19 唐川侑己
80%
10 上田希由翔
80%
43 石垣勝海
80%
3 角中勝也
80%
25 岡大海
80%
63 和田康士朗
80%
21 石川柊太
75%
29 西野勇士
70%
73 ロング
70%
23 石川慎吾
70%
35 田中晴也
65%
42 ジャクソン
65%
47 鈴木昭汰
65%
44 宮崎竜成
65%
54 澤田圭佑
60%
56 中森俊介
60%
64 廣池康志郎
60%
45 植田将太
60%
00 池田来翔
60%
55 櫻井ユウヤ
60%
39 井上広大
60%
34 高野脩汰
55%
37 小野郁
55%
50 愛斗
55%
11 カスティーヨ
50%
30 廣畑敦也
50%
33 八木彬
50%
36 坂本光士郎
50%
40 奥村頼人
50%
53 木村優人
50%
58 河村説人
50%
67 茶谷健太
50%
24 東妻勇輔
45%
28 菊地吏玖
45%
46 冨士隼斗
45%
66 宮﨑颯
45%
69 岡村了樹
45%
49 立松由宇
45%
60 大聖
40%
91 吉川悠斗
40%
59 早坂響
35%
62 坂井遼
35%
31 大谷輝龍
30%
41 一條力真
30%
No matching quizzes found
Score Distribution
Percent of People with Each Score
Percentile by Number Answered
Your Score History
You have not taken this quiz